000 00361nam a2200133Ia 4500
008 220204s9999 xx 000 0 und d
082 _a330.342.14
_bWAL
100 _aWALLERSTEIN, Immanuel
245 0 _aCapitalist world economy
260 _aLondon
_bCambridge University
_c1979
490 _aStudies in modern capitalism
650 _aCapitalism
942 _cBK
999 _c31380
_d31380